000 00716cam a2200241 4500
008 090401t1993 xxu||||| |||| 00| 0 eng d
020 _a0113306075
035 _a(Sirsi) u41072
041 _aeng
050 _a333.70285
110 _aCCTA
_91635
245 _aGeographic information systems in government: realising the opportunities: a study report for CCTA.
260 _aLondon
_bHMSO
_c1993
300 _av,86p. ; 26cm.
350 _a25
520 _aReport commissioned by CCTA.
650 _aGIS
690 _aMANAGEMENT-BUSINESS MANAGEMENT-INFORMATION MANAGEMENT
710 _aCambridge Computer Consultants
_9652
710 _aDan Rickman Associates
_9656
942 _n0
948 _c04/03/1997
999 _c90903
_d90903